Los Perozo: su exterminio por la dictadura de Trujillo / Alfonsina Perozo (Registro nro. 10400)

Detalles MARC
000 -LEADER
fixed length control field 00546nam a22001931a 4500
001 - CONTROL NUMBER
control field 10400
003 - CONTROL NUMBER IDENTIFIER
control field OSt
005 - DATE AND TIME OF LATEST TRANSACTION
control field 20260204212157.0
008 - FIXED-LENGTH DATA ELEMENTS--GENERAL INFORMATION
fixed length control field 090106s2002||||dr ||||||b||||||||||spa||
020 ## - NUMERO DE LIBRO INTERNACIONAL NORMALIZADO
International Standard Book Number 9993458023
050 ## - LIBRARY OF CONGRESS CALL NUMBER
Classification number RD 972.93054 P425p
100 ## - ASIENTO PRINCIPAL -- NOMBRE PERSONAL
Personal name Perozo, Alfonsina
245 ## - TÍTULO PROPIAMENTE DICHO: SUBTÍTULO
Title Los Perozo: su exterminio por la dictadura de Trujillo / Alfonsina Perozo
264 ## - PRODUCTION, PUBLICATION, DISTRIBUTION, MANUFACTURE, AND COPYRIGHT NOTICE
Place of production, publication, distribution, manufacture Santo Domingo : Centenario
300 ## - PHYSICAL DESCRIPTION
Extensión 191 p
500 ## - GENERAL NOTE
General note Incluye indice
650 ## - ASIENTO SECUNDARIO DE MATERIA -- TERMINO TEMÁTICO
Termino Temático Como Elemento de Entrada Historia - República Dominicana - Era de TrujilloÌ
942 ## - ADDED ENTRY ELEMENTS (KOHA)
Source of classification or shelving scheme Dewey Decimal Classification
Koha item type Libros
Existencias
Withdrawn status Lost status Source of classification or shelving scheme Damaged status Not for loan Current library Date acquired Total Checkouts Full call number Barcode Date last seen Price effective from Koha item type
    Dewey Decimal Classification     Biblioteca UTECO 09/09/2019   RD 972.93054 P425P 014578 09/09/2019 09/09/2019 Libros
© 2021 Derechos Reservados UTECO - Teléfono: +1 809-585-2291 - Correo electrónico: biblioteca@uteco.edu.do​  
Código postal 43000 ​​
Dirección: Avenida Universitaria No. 100, 
Cotuí, Provincia Sánchez Ramírez, República Dominicana - RNC: 404-00059-6